00681nam a22001817a 450000500170000002000250001703700210004210000250006324500740008826000280016227000500019030000470024049000240028770000310031194200170034299900170035995201230037620111212115222.0 a9780007244416c75.00 bBlueberry Books  aMitton, Tony 936767 aTec and the cake /cby Tony Mitton; illustrated by Martin Chatterton  aLondon bCollins c2007 a77-85 Fulhom Palace Road, HammersmithbLondon aLevel 1-book C (24p.) bill. c20cm(pbk)  aRead at home936768 a Chatterton, Martin936769 2ddccCHmMIT c59264d59264 00103Level 1-bo4070aAGbAGd2011-12-12g75.00l0oMITr2011-12-12 00:00:00v75.00w2011-12-12yCHzLevel 1-book C